000 00875nam a22002177a 4500
003 BD-DhSAU
005 20240729102318.0
008 240626b2019 bg a|||| |||| 00| 0 bg d
020 _a9789849120742
040 _aBD-DhSAU
082 _222
_a923.295492 S543
245 _aনবম জাতীয় সংসদ প্রধানমন্ত্রীর প্রশ্নোত্তর
_b ৩য় খণ্ড [২০০৯-২০১৩]
_cইহসানুল করিম
260 _aঢাকাঃ
_bগৌরব প্রকাশনা;
_c২০১৯
300 _a350 p. :
_bill. ;
_c22 cm.
500 _aIncludes index.
590 _aroy
650 _a জাতীয় সংসদ
650 _aপ্রধানমন্ত্রীর প্রশ্নোত্তর
700 _aকরিম,ইহসানুল
942 _2ddc
_cBOOK
999 _c17524
_d17523